भारतीय कला एवं संस्कृति : (Record no. 200188)
[ view plain ]
| 000 -LEADER | |
|---|---|
| fixed length control field | 01363nam a22001937a 4500 |
| 005 - DATE AND TIME OF LATEST TRANSACTION | |
| control field | 20240321150348.0 |
| 010 ## - LCCN (DPL NO) | |
| LC control number | B-758121-127 |
| 020 ## - INTERNATIONAL STANDARD BOOK NUMBER | |
| International Standard Book Number | 9789354601842 |
| Terms of availability | 690.00 |
| 035 ## - SYSTEM CONTROL NUMBER | |
| System control number | B-758121-127 |
| 037 ## - SOURCE OF ACQUISITION | |
| Source of stock number/acquisition | प्रगति पब्लिकेशन |
| 082 ## - DEWEY DECIMAL CLASSIFICATION NUMBER | |
| Classification number | 759 |
| 100 ## - MAIN ENTRY--PERSONAL NAME | |
| Personal name | सिंघानिया, नितिन |
| 245 ## - TITLE STATEMENT | |
| Title | भारतीय कला एवं संस्कृति : |
| Remainder of title | सिविल सेवा एवं अन्य प्रतियोगी परीक्षाओ के लिये / |
| Statement of responsibility, etc | नितिन सिंघानिया |
| 260 ## - PUBLICATION, DISTRIBUTION, ETC. (IMPRINT) | |
| Place of publication, distribution, etc | चेन्नई |
| Name of publisher, distributor, etc | मैकग्राव हिल प्राइवेट लिमिटेड |
| Date of publication, distribution, etc | 2022 |
| 270 ## - ADDRESS | |
| Address | अंजना कॉम्प्लेक्स नं. 5/90 ए, बट रोड, एसटी. थॉमस माउंट |
| City | चेन्नई |
| Postal code | 600016 |
| 300 ## - PHYSICAL DESCRIPTION | |
| Extent | वि. पृ. |
| Dimensions | 24 सेमी (अजिल्द) |
| Other physical details | एक चार्ट सम्मिलित |
| 942 ## - ADDED ENTRY ELEMENTS (KOHA) | |
| Item type | Hindi Books |
| Source of classification or shelving scheme | Dewey Decimal Classification |
| Classification part | 759 |
| Call number suffix | सिंघानि |
| Withdrawn status | Lost status | Not for loan | Collection code | Home library | Current library | Date acquired | Source of acquisition | Cost, normal purchase price | Full call number | Barcode | Copy number | Cost, replacement price | Koha item type |
|---|---|---|---|---|---|---|---|---|---|---|---|---|---|
| Non-fiction | Andrews Gunj | Andrews Gunj | 21/03/2024 | प्रगति पब्लिकेशन /26/17.1.24/168/9.1.24/25.1.24 | 690.00 | 759 सिंघानि | B-758126 | 1 | 690.00 | Hindi Books | |||
| Non-fiction | Ashok Vihar | Ashok Vihar | 21/03/2024 | प्रगति पब्लिकेशन /26/17.1.24/168/9.1.24/25.1.24 | 690.00 | 759 सिंघानि | B-758123 | 1 | 690.00 | Hindi Books | |||
| Non-fiction | Central Library | Central Library | 21/03/2024 | प्रगति पब्लिकेशन /26/17.1.24/168/9.1.24/25.1.24 | 690.00 | 759 सिंघानि | B-758121 | 1 | 690.00 | Hindi Books | |||
| Non-fiction | Mobile Library | Mobile Library | 21/03/2024 | प्रगति पब्लिकेशन /26/17.1.24/168/9.1.24/25.1.24 | 690.00 | 759 सिंघानि | B-758122 | 1 | 690.00 | Hindi Books | |||
| Non-fiction | Patel Nagar | Patel Nagar | 21/03/2024 | प्रगति पब्लिकेशन /26/17.1.24/168/9.1.24/25.1.24 | 690.00 | 759 सिंघानि | B-758124 | 1 | 690.00 | Hindi Books | |||
| Non-fiction | Sarojini Nagar | Sarojini Nagar | 21/03/2024 | प्रगति पब्लिकेशन /26/17.1.24/168/9.1.24/25.1.24 | 690.00 | 759 सिंघानि | B-758125 | 1 | 690.00 | Hindi Books | |||
| Non-fiction | Shahdara Branch | Shahdara Branch | 21/03/2024 | प्रगति पब्लिकेशन /26/17.1.24/168/9.1.24/25.1.24 | 690.00 | 759 सिंघानि | B-758127 | 1 | 690.00 | Hindi Books |
